Представление документа в формате MARC21

Поле Инд. ПП Название Значение
Тип записи a
Библиографический уровень b
001 Контрольный номер RU/IS/BASE/363444733
005 Дата корректировки 20200728181529.1
008 Кодируемые данные 20110708
040 b Код языка каталог. rus
e Правила каталог. PSBO
041 0_ a Код языка текста rus
084 a Индекс другой классификации/Индекс ББК 74в; 74.002
100 1_ a Автор Бессонов Б. Н.
q Полное имя Бессонов Борис Николаевич
245 10 a Заглавие Гуманизм как сущностная черта философии образования
504 a Библиография Библиогр.: 16 назв. - Примеч.
650 04 a Основная рубрика образование
a Основная рубрика педагогика
a Основная рубрика воспитание
653 0_ a Ключевые слова высшее образование
a Ключевые слова гуманизм
a Ключевые слова научно-техническое развитие
a Ключевые слова нравственные ценности
a Ключевые слова педагогические принципы
a Ключевые слова содержание образования
a Ключевые слова философия образования
773 08 t Заглавие источника Сотис - социальные технологии, исследования
d Дата издания источника 2008
g Прочая информация № 4. - С. 6 - 19
w Контрольный № источника RU/IS/BASE/273756108
901 t Тип документа b